[Event "RF-2020-0-00503"]
[Site "LSS email"]
[Date "2020.04.04"]
[Round "?"]
[White "Chura, Michal"]
[Black "Lauer, Frederic"]
[Result "1-0"]
[WhiteElo "1099"]
[BlackElo "1096"]
[PlyCount "29"]
[EventDate "2020.01.22"]
[EventType "tourn (corr)"]
[EventRounds "6"]
[EventCountry "GER"]
[SourceTitle "Corr 2022"]
[Source "ChessBase"]
[SourceDate "2021.10.24"]
[SourceVersion "1"]
[SourceVersionDate "2021.10.24"]
[SourceQuality "1"]

1. f4 c5 2. Nf3 g6 3. e3 Bg7 4. Nc3 Nc6 5. Bb5 d6 6. Bxc6+ bxc6 7. 0-0 Nf6 8. d3 0-0 9. Qe1 Bg4 10. Qh4 Bxf3 11. Rxf3 Nd5 12. e4 Nxc3 13. bxc3 e5 14. Qxd8 Rfxd8 15. c4 1-0

[Event "OP-2020-0-04943"]
[Site "LSS email"]
[Date "2020.03.12"]
[Round "?"]
[White "Jokmin, Guido"]
[Black "Lauer, Frederic"]
[Result "0-1"]
[WhiteElo "679"]
[BlackElo "1101"]
[PlyCount "42"]
[EventDate "2020.03.11"]
[EventType "tourn (corr)"]
[EventRounds "4"]
[EventCountry "GER"]
[SourceTitle "Corr 2022"]
[Source "ChessBase"]
[SourceDate "2021.10.24"]
[SourceVersion "1"]
[SourceVersionDate "2021.10.24"]
[SourceQuality "1"]

1. e4 c5 2. d4 cxd4 3. c3 dxc3 4. Nxc3 d6 5. Bc4 Nc6 6. Nf3 a6 7. Bf4 Nf6 8. Qe2 Bg4 9. Be3 Bxf3 10. Qxf3 g6 11. 0-0 Ne5 12. Qe2 Nxc4 13. Qxc4 Rc8 14. Qa4+ Qd7 15. Qxd7+ Nxd7 16. Rac1 Bg7 17. Bd2 0-0 18. f4 b5 19. b4 Nb6 20. Rfe1 Nc4 21. Red1 Nxd2 0-1

[Event "OP-2020-0-04943"]
[Site "LSS email"]
[Date "2020.03.12"]
[Round "?"]
[White "Kuttner, Jaromir"]
[Black "Lauer, Frederic"]
[Result "1-0"]
[WhiteElo "821"]
[BlackElo "1101"]
[PlyCount "71"]
[EventDate "2020.03.11"]
[EventType "tourn (corr)"]
[EventRounds "4"]
[EventCountry "GER"]
[SourceTitle "Corr 2022"]
[Source "ChessBase"]
[SourceDate "2021.10.24"]
[SourceVersion "1"]
[SourceVersionDate "2021.10.24"]
[SourceQuality "1"]

1. e4 c5 2. Nf3 g6 3. g3 Bg7 4. Bg2 d6 5. 0-0 Nf6 6. Re1 0-0 7. d4 cxd4 8. Nxd4 a6 9. c4 Qc7 10. Qd3 Nbd7 11. Nc3 Ne5 12. Qe2 Qxc4 13. Qxc4 Nxc4 14. Nb3 Be6 15. f4 Rab8 16. Nd4 Bd7 17. b3 Na5 18. Bb2 Nc6 19. Rad1 Nxd4 20. Rxd4 Bc6 21. Rc4 Rfc8 22. Nd5 Nxd5 23. Bxg7 Nb6 24. Rb4 Kxg7 25. Rxb6 h5 26. a4 e6 27. Rd1 Rd8 28. Rb4 b5 29. Rc1 Rbc8 30. axb5 Bxb5 31. Rd1 Kf8 32. Rbd4 Ke7 33. Bf1 Bxf1 34. Kxf1 Rb8 35. b4 Rb6 36. Kf2 1-0

[Event "OP-2020-0-04943"]
[Site "LSS email"]
[Date "2020.03.12"]
[Round "?"]
[White "Lauer, Frederic"]
[Black "Lam, Simon"]
[Result "0-1"]
[WhiteElo "1101"]
[BlackElo "800"]
[PlyCount "38"]
[EventDate "2020.03.11"]
[EventType "tourn (corr)"]
[EventRounds "4"]
[EventCountry "GER"]
[SourceTitle "Corr 2022"]
[Source "ChessBase"]
[SourceDate "2021.10.24"]
[SourceVersion "1"]
[SourceVersionDate "2021.10.24"]
[SourceQuality "1"]

1. e4 e5 2. Nf3 Nc6 3. d4 exd4 4. Bc4 Nf6 5. 0-0 Bc5 6. e5 d5 7. exf6 dxc4 8. Re1+ Be6 9. fxg7 Rg8 10. Bg5 Be7 11. Bxe7 Qxe7 12. Nxd4 Rd8 13. c3 Nxd4 14. cxd4 Rxg7 15. Nc3 c6 16. Ne4 Kf8 17. Nc5 b6 18. Nxe6+ fxe6 19. Qe2 Rxd4 0-1

[Event "OP-2020-0-04940"]
[Site "LSS email"]
[Date "2020.03.10"]
[Round "?"]
[White "Vodicka, Milan"]
[Black "Lauer, Frederic"]
[Result "1-0"]
[WhiteElo "1968"]
[BlackElo "1115"]
[PlyCount "43"]
[EventDate "2020.03.10"]
[EventType "tourn (corr)"]
[EventRounds "4"]
[EventCountry "GER"]
[SourceTitle "Corr 2022"]
[Source "ChessBase"]
[SourceDate "2021.10.24"]
[SourceVersion "1"]
[SourceVersionDate "2021.10.24"]
[SourceQuality "1"]

1. d4 d6 2. e4 Nf6 3. Nc3 c6 4. f4 Qa5 5. Bd3 e5 6. Nf3 exd4 7. Nxd4 Qb6 8. Na4 Qxd4 9. c3 Qxa4 10. Qxa4 Be7 11. Be3 0-0 12. Qc2 Ng4 13. Bg1 Nd7 14. 0-0-0 a5 15. e5 dxe5 16. Bxh7+ Kh8 17. Bf5 Ngf6 18. fxe5 Nxe5 19. Bd4 Nc4 20. Bxc8 Raxc8 21. Qe2 b5 22. Qxe7 1-0

[Event "RF-2020-0-00502"]
[Site "LSS email"]
[Date "2020.03.09"]
[Round "?"]
[White "Zmolil, Karel"]
[Black "Lauer, Frederic"]
[Result "1-0"]
[WhiteElo "1040"]
[BlackElo "1093"]
[PlyCount "113"]
[EventDate "2020.01.18"]
[EventType "tourn (corr)"]
[EventRounds "6"]
[EventCountry "GER"]
[SourceTitle "Corr 2022"]
[Source "ChessBase"]
[SourceDate "2021.10.24"]
[SourceVersion "1"]
[SourceVersionDate "2021.10.24"]
[SourceQuality "1"]

1. e4 c5 2. Nf3 g6 3. Bc4 Bg7 4. c3 d6 5. 0-0 Nf6 6. d3 0-0 7. h3 Nc6 8. Be3 a6 9. Qd2 b5 10. Bb3 Bb7 11. Bh6 Rc8 12. Re1 e5 13. Bxg7 Kxg7 14. Bc2 h5 15. Qg5 Nh7 16. Qg3 Ne7 17. Nh4 c4 18. d4 Nc6 19. d5 Ne7 20. Bd1 Kh8 21. Nd2 a5 22. Ndf3 b4 23. Ng5 Qe8 24. f4 exf4 25. Qxf4 Nxg5 26. Qxg5 Ng8 27. Bf3 Qe5 28. Qxe5+ dxe5 29. g4 Nf6 30. Ng2 hxg4 31. hxg4 Rfd8 32. Kf2 Nd7 33. Rh1+ Kg7 34. Ne3 Ba6 35. Be2 Nc5 36. Kf3 Rh8 37. Rxh8 Rxh8 38. Bf1 Rh2 39. Bg2 Bc8 40. Kg3 Rh8 41. Nxc4 bxc3 42. bxc3 a4 43. Nxe5 Re8 44. Nc6 Nxe4+ 45. Kf4 Nxc3 46. d6 Nb5 47. Rd1 Bd7 48. Na5 Re6 49. Nb7 Rf6+ 50. Kg3 g5 51. Nc5 Rxd6 52. Rxd6 Nxd6 53. Nxd7 f5 54. gxf5 Nxf5+ 55. Kf2 Nd4 56. Nb6 Kf6 57. Nxa4 1-0

[Event "OP-2020-0-04938"]
[Site "LSS email"]
[Date "2020.03.06"]
[Round "?"]
[White "Lauer, Frederic"]
[Black "Kuttner, Jaromir"]
[Result "1-0"]
[WhiteElo "1100"]
[BlackElo "761"]
[PlyCount "23"]
[EventDate "2020.03.06"]
[EventType "tourn (corr)"]
[EventRounds "4"]
[EventCountry "GER"]
[SourceTitle "Corr 2022"]
[Source "ChessBase"]
[SourceDate "2021.10.24"]
[SourceVersion "1"]
[SourceVersionDate "2021.10.24"]
[SourceQuality "1"]

1. e4 e5 2. Nf3 Nc6 3. d4 exd4 4. Bc4 Nf6 5. 0-0 d5 6. e5 dxc4 7. exf6 Qxf6 8. Bg5 Qd6 9. Re1+ Be6 10. Na3 Be7 11. Bxe7 Nxe7 12. Nb5 1-0

[Event "ZL-2020-0-02237"]
[Site "LSS email"]
[Date "2020.03.05"]
[Round "?"]
[White "Shim Ng Min, Francis"]
[Black "Lauer, Frederic"]
[Result "1/2-1/2"]
[WhiteElo "1268"]
[BlackElo "1100"]
[PlyCount "34"]
[EventDate "2020.03.05"]
[EventType "match (corr)"]
[EventRounds "2"]
[EventCountry "GER"]
[SourceTitle "Corr 2022"]
[Source "ChessBase"]
[SourceDate "2021.10.24"]
[SourceVersion "1"]
[SourceVersionDate "2021.10.24"]
[SourceQuality "1"]

1. e4 c5 2. Nf3 g6 3. d4 cxd4 4. Nxd4 Bg7 5. Nc3 Nc6 6. Be3 Nf6 7. Nxc6 bxc6 8. Bd3 0-0 9. 0-0 Qc7 10. e5 Qxe5 11. Re1 Qh5 12. Be2 Qa5 13. Qd2 d5 14. Bh6 e5 15. Bxg7 Kxg7 16. Qg5 e4 17. Kh1 Qc7 1/2-1/2

[Event "OP-2020-0-04937"]
[Site "LSS email"]
[Date "2020.03.04"]
[Round "?"]
[White "Lauer, Frederic"]
[Black "Shim Ng Min, Francis"]
[Result "0-1"]
[WhiteElo "1096"]
[BlackElo "1256"]
[PlyCount "62"]
[EventDate "2020.03.04"]
[EventType "tourn (corr)"]
[EventRounds "4"]
[EventCountry "GER"]
[SourceTitle "Corr 2022"]
[Source "ChessBase"]
[SourceDate "2021.10.24"]
[SourceVersion "1"]
[SourceVersionDate "2021.10.24"]
[SourceQuality "1"]

1. e4 c5 2. Nc3 Nc6 3. f4 d6 4. Nf3 Nf6 5. d4 cxd4 6. Nxd4 g6 7. Nxc6 bxc6 8. e5 dxe5 9. Qxd8+ Kxd8 10. fxe5 Nd7 11. Bf4 Bg7 12. 0-0-0 Ke8 13. e6 fxe6 14. Bc4 Nb6 15. Bb3 Nd5 16. Bxd5 exd5 17. Rhe1 Kf7 18. Bc7 Re8 19. Be5 Bg4 20. Rd4 Bxe5 21. Rxg4 Bxc3 22. bxc3 e5 23. Ra4 e4 24. Ra6 Rec8 25. c4 Kg7 26. c3 Rc7 27. Kd2 Rf8 28. Ke3 Rf6 29. Rd1 Rd7 30. Rd4 c5 31. Rxf6 cxd4+ 0-1

[Event "OP-2020-0-04933"]
[Site "LSS email"]
[Date "2020.02.26"]
[Round "?"]
[White "Lauer, Frederic"]
[Black "Peterson, Oscar"]
[Result "0-1"]
[WhiteElo "1085"]
[BlackElo "1721"]
[PlyCount "54"]
[EventDate "2020.02.24"]
[EventType "tourn (corr)"]
[EventRounds "4"]
[EventCountry "GER"]
[SourceTitle "Corr 2022"]
[Source "ChessBase"]
[SourceDate "2021.10.24"]
[SourceVersion "1"]
[SourceVersionDate "2021.10.24"]
[SourceQuality "1"]

1. e4 c5 2. Nf3 d6 3. d4 cxd4 4. Nxd4 Nf6 5. Nc3 a6 6. Bg5 e6 7. f4 b5 8. e5 dxe5 9. fxe5 Qc7 10. exf6 Qe5+ 11. Be2 Qxg5 12. 0-0 Ra7 13. Qd3 Rd7 14. Ne4 Qe5 15. c3 Bb7 16. fxg7 Bxg7 17. Bf3 Nc6 18. Nxc6 Bxc6 19. Qc2 0-0 20. Nf6+ Bxf6 21. Bxc6 Rd6 22. Be4 Rfd8 23. Bxh7+ Kg7 24. Be4 Rd2 25. Qb1 Rh8 26. h3 Rxh3 27. Rxf6 Qh2+ 0-1

[Event "OP-2020-0-04932"]
[Site "LSS email"]
[Date "2020.02.25"]
[Round "?"]
[White "Nowak, Andrzej"]
[Black "Lauer, Frederic"]
[Result "1-0"]
[WhiteElo "1463"]
[BlackElo "1085"]
[PlyCount "67"]
[EventDate "2020.02.22"]
[EventType "tourn (corr)"]
[EventRounds "4"]
[EventCountry "GER"]
[SourceTitle "Corr 2022"]
[Source "ChessBase"]
[SourceDate "2021.10.24"]
[SourceVersion "1"]
[SourceVersionDate "2021.10.24"]
[SourceQuality "1"]

1. e4 c5 2. Nf3 d6 3. d4 cxd4 4. Nxd4 Nf6 5. Nc3 Nc6 6. Bg5 Bd7 7. Qd2 Nxd4 8. Qxd4 Bc6 9. 0-0-0 Qa5 10. h4 h6 11. Bxf6 gxf6 12. Nd5 Bxd5 13. Qxd5 Qxd5 14. exd5 0-0-0 15. Rh3 h5 16. Re1 Rd7 17. Rf3 Rg8 18. Rf5 Rh8 19. Be2 Rc7 20. g3 Rc5 21. c3 Rh7 22. Kc2 e6 23. Rxh5 Rxh5 24. Bxh5 Rxd5 25. Bxf7 Re5 26. Bxe6+ Kd8 27. Kd1 Ke7 28. Bc8 b6 29. Rg1 Rd5+ 30. Kc2 Bh6 31. f4 Rc5 32. Re1+ Kd8 33. Bh3 a5 34. Re6 1-0

[Event "OP-2020-0-04931"]
[Site "LSS email"]
[Date "2020.02.23"]
[Round "?"]
[White "Lauer, Frederic"]
[Black "Shim Ng Min, Francis"]
[Result "1/2-1/2"]
[WhiteElo "1129"]
[BlackElo "1123"]
[PlyCount "67"]
[EventDate "2020.02.20"]
[EventType "tourn (corr)"]
[EventRounds "4"]
[EventCountry "GER"]
[SourceTitle "Corr 2022"]
[Source "ChessBase"]
[SourceDate "2021.10.24"]
[SourceVersion "1"]
[SourceVersionDate "2021.10.24"]
[SourceQuality "1"]

1. Nf3 Nf6 2. g3 d5 3. Bg2 e6 4. 0-0 Be7 5. b3 0-0 6. Bb2 c5 7. Ne5 Nc6 8. Nxc6 bxc6 9. d3 Bb7 10. Nd2 d4 11. e4 e5 12. Nc4 Bd6 13. Nxd6 Qxd6 14. Qd2 Nd7 15. f4 exf4 16. gxf4 a5 17. f5 f6 18. Rf3 Ne5 19. Rg3 a4 20. Qh6 Rf7 21. Qf4 Nc4 22. Qxd6 Nxd6 23. Re1 axb3 24. axb3 Ra2 25. Rb1 Rf8 26. Bf3 Rfa8 27. Kf2 Nb5 28. Bd1 Na3 29. Bxa3 R8xa3 30. Kf3 Ra1 31. Rxa1 Rxa1 32. Ke2 Bc8 33. Kd2 Bd7 34. h4 1/2-1/2

[Event "OP-2020-0-04929"]
[Site "LSS email"]
[Date "2020.02.18"]
[Round "?"]
[White "Lauer, Frederic"]
[Black "Meza, Abelardo"]
[Result "0-1"]
[WhiteElo "1119"]
[BlackElo "2000"]
[PlyCount "38"]
[EventDate "2020.02.18"]
[EventType "tourn (corr)"]
[EventRounds "4"]
[EventCountry "GER"]
[SourceTitle "Corr 2022"]
[Source "ChessBase"]
[SourceDate "2021.10.24"]
[SourceVersion "1"]
[SourceVersionDate "2021.10.24"]
[SourceQuality "1"]

1. e4 Nf6 2. Nc3 d5 3. e5 Nfd7 4. d4 c5 5. f4 e6 6. Nf3 Nc6 7. Be3 Be7 8. Qd2 0-0 9. 0-0-0 c4 10. Be2 b5 11. Kb1 Rb8 12. g4 Qa5 13. f5 b4 14. Nxd5 exd5 15. f6 c3 16. Qd3 gxf6 17. exf6 b3 18. Qxc3 Qxa2+ 19. Kc1 Bb4 0-1

[Event "OP-2020-0-04912"]
[Site "LSS email"]
[Date "2020.01.22"]
[Round "?"]
[White "Ducharme, Steven"]
[Black "Lauer, Frederic"]
[Result "0-1"]
[WhiteElo "694"]
[BlackElo "1136"]
[PlyCount "70"]
[EventDate "2020.01.18"]
[EventType "tourn (corr)"]
[EventRounds "4"]
[EventCountry "GER"]
[SourceTitle "Corr 2022"]
[Source "ChessBase"]
[SourceDate "2021.10.24"]
[SourceVersion "1"]
[SourceVersionDate "2021.10.24"]
[SourceQuality "1"]

1. c4 e5 2. d3 Nf6 3. Nf3 d5 4. cxd5 Qxd5 5. e4 Bb4+ 6. Bd2 Qa5 7. Nc3 Bg4 8. Be2 Nc6 9. 0-0 0-0 10. a3 Bxc3 11. Bxc3 Qc5 12. Rc1 Qe7 13. h3 Bxf3 14. Bxf3 Rad8 15. b4 Rd7 16. Bg4 Nxg4 17. hxg4 Rfd8 18. Qe2 Rxd3 19. Rfd1 Rxd1+ 20. Rxd1 a6 21. Rxd8+ Qxd8 22. g3 Nd4 23. Qd3 Qd7 24. f3 h6 25. Kf2 f6 26. Qc4+ Qf7 27. Qxf7+ Kxf7 28. Bxd4 exd4 29. Ke2 b6 30. Kd3 c5 31. bxc5 bxc5 32. f4 Ke6 33. a4 g5 34. a5 Kd6 35. Kc4 Kc6 0-1

[Event "SE-2019-0-00307"]
[Site "LSS email"]
[Date "2019.12.20"]
[Round "?"]
[White "Lauer, Frederic"]
[Black "Csoma, Robert"]
[Result "0-1"]
[WhiteElo "1150"]
[BlackElo "1053"]
[PlyCount "36"]
[EventDate "2019.10.10"]
[EventType "tourn (corr)"]
[EventRounds "6"]
[EventCountry "GER"]
[SourceTitle "Corr 2022"]
[Source "ChessBase"]
[SourceDate "2021.10.24"]
[SourceVersion "1"]
[SourceVersionDate "2021.10.24"]
[SourceQuality "1"]

1. e4 c5 2. Na3 d6 3. d4 cxd4 4. Qxd4 Nc6 5. Bb5 Bd7 6. Bxc6 Bxc6 7. Ne2 Nf6 8. f3 g6 9. e5 dxe5 10. Qxe5 Bg7 11. Bf4 Nh5 12. Qe3 Nxf4 13. Nxf4 Bxb2 14. Rd1 Qa5+ 15. Kf2 Bxa3 16. Kg3 0-0 17. h4 Bd6 18. h5 Qg5+ 0-1

[Event "LSS No Engine Cup 196 Preliminary 0"]
[Site "LSS email"]
[Date "2019.12.19"]
[Round "?"]
[White "Sabbatini, Giuseppe"]
[Black "Lauer, Frederic"]
[Result "1-0"]
[WhiteElo "2060"]
[BlackElo "1471"]
[PlyCount "51"]
[EventDate "2019.12.20"]
[EventType "tourn (corr)"]
[EventRounds "6"]
[EventCountry "GER"]
[SourceTitle "Corr 2022"]
[Source "ChessBase"]
[SourceDate "2021.10.24"]
[SourceVersion "1"]
[SourceVersionDate "2021.10.24"]
[SourceQuality "1"]

1. e4 c5 2. Nf3 d6 3. d4 cxd4 4. Nxd4 Nf6 5. Bd3 Nc6 6. Nf3 g6 7. 0-0 Bg7 8. h3 0-0 9. Re1 a6 10. Nc3 Bd7 11. Nd5 Nxd5 12. exd5 Ne5 13. Nxe5 Bxe5 14. c3 b5 15. a3 Rc8 16. Be3 Qc7 17. Qd2 Bg7 18. Rad1 h5 19. Bd4 Bxd4 20. cxd4 Rce8 21. Qh6 e6 22. Bxg6 fxg6 23. Qxg6+ Kh8 24. Qh6+ Kg8 25. Rd3 e5 26. Qg5+ 1-0